000 00196nam a2200085Ia 4500
008 120527s9999 xx 000 0 und d
100 _aSexton,L. Robert
245 _aExploring Economics
942 _cBK
999 _c27191
_d27191